[Event "Douglas Livie mem email"]
[Site "Scotland"]
[Date "2004.06.14"]
[Round "?"]
[White "Geider, Frank"]
[Black "Lambert, Grant R"]
[Result "1/2-1/2"]
[WhiteElo "2412"]
[BlackElo "2386"]
[PlyCount "61"]
[EventDate "2004.06.14"]
[EventType "tourn (corr)"]
[EventRounds "12"]
[EventCountry "SCO"]
[SourceTitle "Corr 2008"]
[Source "ChessBase"]
[SourceDate "2008.06.24"]
[SourceVersion "1"]
[SourceVersionDate "2008.06.24"]
[SourceQuality "1"]

1. e4 c5 2. Nc3 Nc6 3. f4 g6 4. Nf3 Bg7 5. Bb5 Nd4 6. a4 a6 7. Bc4 e6 8. e5 d5 9. exd6 Qxd6 10. d3 Nf6 11. a5 0-0 12. Nxd4 cxd4 13. Na4 Bd7 14. Nb6 Rad8 15. Nxd7 Rxd7 16. 0-0 Nd5 17. Bd2 Qc5 18. Qe1 Rc8 19. Rf3 Bf6 20. Qe2 Nb4 21. Rc1 Re7 22. g4 Nd5 23. Qe1 Bg7 24. Qh4 Ne3 25. Bxe3 dxe3 26. c3 e2+ 27. Kg2 Rce8 28. Re1 Qxa5 29. Rxe2 b5 30. Bd5 Qc7 31. Bb3 1/2-1/2